000 00395nam a2200145Ia 4500
008 230917s9999||||xx |||||||||||||| ||und||
040 _e220326
_aMAIN
041 _aEnglish
082 _a658.3 S61H
100 _aSuman
245 0 _aHuman resource outsourcing in manufacturing sector: A study of determinants and perceived effectiveness
260 _c2013
300 _a163 p.
942 _cTH
999 _c126178
_d126178